Największe miasta we Francji - Statystyki

Ogólne statystyki
  • Ten quiz został rozwiązany 3 834 razy
  • Średni wynik to 9 z 20
Statystyki odpowiedzi
Miasto Liczba ludności % Poprawnych
Paryż 2 229 621
100%
Marsylia 855 393
94%
Lyon 500 715
93%
Nicea 342 295
70%
Bordeaux 243 626
66%
Lille 231 491
62%
Tuluza 458 298
59%
Nantes 292 718
55%
Strasburg 275 718
54%
Montpellier 272 084
43%
Rennes 211 373
43%
Dijon 153 003
34%
Reims 182 592
32%
Saint-Étienne 172 023
25%
Hawr 172 074
20%
Grenoble 160 215
19%
Angers 150 125
18%
Nîmes 150 564
15%
Tulon 163 760
8%
Villeurbanne 147 192
2%
Nie znaleziono quizów pasujących do podanych kryteriów
Rozkład punktacji
Procent ludzi z każdym wynikiem
Percentyl według liczby udzielonych odpowiedzi
Twoja historia wyników
Nie rozwiązałeś tego quizu